00242nam a2200109Ia 4500008004100000041001200041082001100053100001700064245003900081260000600120650000600126221030s9999 xx 000 0 und d aEnglish a105.23 aS. R. Fulton 0aBasic AC Circuitscby S. R. Fulton c0 aB